000 00721nam a2200289Ia 4500
005 20260324122116.0
008 008 260324s9999 xx 000 0 eng d
020 _a9781351277129
037 _aEBOOK
040 _aCRL
040 _beng
040 _cCRL
041 _2eng
041 _aeng
084 _qCRL
100 _aPauline Fatien Diochon; Albert J. Mills; Emmanuel Raufflet
_91165144
245 4 _aThe Dark Side 2
245 0 _bCritical Cases on the Downside of Business
260 _bTaylor and Francis
260 _c2013
365 _a
365 _b230
856 _uhttp://www.taylorfrancis.com/books/9781351277129
942 _cEBOOK
999 _c1757649
_d1757649